| 000 | 00956nam a2200217 a 4500 | ||
|---|---|---|---|
| 001 | 000037507 | ||
| 005 | 20200930080412.0 | ||
| 008 | 120420s1990 sp 001 0 spa d | ||
| 020 | _a8400070631 | ||
| 040 |
_aDO-SdBNP _bspa _cBNPHU |
||
| 100 | 1 |
_aSáinz de la Maza Lasoli, Regina _963712 |
|
| 245 | 1 | 3 |
_aLa orden de SAn Jorge de Alfama : _baproximación a su historia / _cRegina Sáinz de la Maza Lasoli ; con un informe arqueológico por Eulalia Sintas Martínez. |
| 260 |
_aBarcelona : _bConsejo Superior de Investigaciones Científicas, _c1990. |
||
| 300 |
_aXXIV, 499 P. ; _c24 cm. |
||
| 490 | 1 |
_aAnuario de estudios medievales. _aAnejo ; _v23 |
|
| 500 | _aIncluye índice | ||
| 504 | _aIncluye referencias bibliográficas y notas al pie de las páginas | ||
| 700 | 1 |
_aSintas Martínez, Eulalia, _963963 |
|
| 710 | 2 |
_aConsejo Superior de Investigaciones Científicas, (España) _963834 |
|
| 830 | 0 |
_aAnuario de estudios medievales. _pAnejo ; _n23 _963964 |
|
| 999 |
_c36997 _d36997 |
||